| 000 | 00658nam a22002057a 4500 | ||
|---|---|---|---|
| 005 | 20140730142128.0 | ||
| 008 | 140730b xxu||||| |||| 00| 0 eng d | ||
| 020 |
_a9788177083637 _c2870.00 |
||
| 040 | _aLoreto College | ||
| 082 |
_a338.954 _bPRA |
||
| 100 | _aPrasad,Chandra Sekhar | ||
| 245 |
_aSixty five years of the Indian economy _b1947-48 to 2012-13 _cChandra Sekhar Prasad and Himanshu Shekhar |
||
| 260 |
_aNew Delhi _bNew Century Publications _c2013 |
||
| 300 |
_alxiv,760p _b22cm |
||
| 504 | _aIncludes bibliographical references and index | ||
| 650 | _aIndia-Economics | ||
| 700 |
_4Auth _aShekhar,Himanshu |
||
| 850 | _aLCLIB | ||
| 942 | _cBK | ||
| 999 |
_c39422 _d89901 |
||